Music Quiz

Random Music or Bands Quiz

Singles by the Artist or the Band? Quiz Stats

Quiz Updated Sep 8, 2017

Challenge
Share
Tweet
Embed
Score 0/30 Timer 03:00
5 Plays Today
Question Answer Wrong Answers
Imagine John Lennon
91.5%
The Beatles
4.9%
Wake Me Up Before You Go-Go Wham!
89.5%
George Michael
6.8%
Mrs. Robinson Simon & Garfunkel
87.9%
Paul Simon
8.4%
Call Me Blondie
87.4%
Debbie Harry
8.9%
Cry Me A River Justin Timberlake
86.5%
*NSYNC
9.7%
In the Air Tonight Phil Collins
84.5%
Genesis
11.7%
I Want You Back The Jackson 5
83.6%
Michael Jackson
12.7%
Don't Stand So Close To Me The Police
82.3%
Sting
13.9%
Take It Easy Eagles
82.3%
Don Henley
13.9%
Hot For Teacher Van Halen
79.8%
David Lee Roth
16.3%
F*** You (Forget You) Cee Lo Green
79.2%
Gnarls Barkley
17.1%
Halo Beyoncé
78.6%
Destiny's Child
17.5%
Baby Love The Supremes
76.7%
Diana Ross
19.4%
Do You Really Want To Hurt Me? Culture Club
75.6%
Boy George
20.5%
Gettin' Jiggy Wit It Will Smith
75.3%
DJ Jazzy Jeff & The Fresh Prince
21%
Cocaine Eric Clapton
73.4%
Cream
22.6%
Walk on the Wild Side Lou Reed
72.4%
The Velvet Underground
23.7%
2 Become 1 Spice Girls
68.9%
Emma Bunton
27%
Cherry Bomb The Runaways
68.3%
Joan Jett
27.7%
Pillowtalk Zayn
66.9%
One Direction
29.3%
It Was a Good Day Ice Cube
66.6%
N.W.A.
29.1%
Can I Have It Like That (ft. Gwen Stefani) Pharrell Williams
64.6%
N*E*R*D
31.1%
Just A Girl No Doubt
63.6%
Gwen Stefani
32.8%
Crazy Train Ozzy Osborne
62.9%
Black Sabbath
33.2%
Celebrity Skin Hole
60.2%
Courtney Love
35.4%
Lonely No More Rob Thomas
60%
Matchbox Twenty
35.8%
Doo Wop (That Thing) Lauryn Hill
59.2%
The Fugees
36.9%
Love Interruption Jack White
57%
The White Stripes
38.9%
My Humps The Black Eyed Peas
55.7%
Fergie
40.7%
This Charming Man The Smiths
55.6%
Morrissey
40.2%

You're not logged in!

Compare scores with friends on all Sporcle quizzes.
Join for Free
OR
Log In

You Might Also Like...

Show Comments

Extras

Top Quizzes Today


Score Distribution

Your Account Isn't Verified!

In order to create a playlist on Sporcle, you need to verify the email address you used during registration. Go to your Sporcle Settings to finish the process.

Report this User

Report this user for behavior that violates our Community Guidelines.

Details: